Dopasuj miasto do województwa - Statystyki

Ogólne statystyki
  • Ten quiz został rozwiązany 203 razy
  • Średni wynik to 25 z 35
Statystyki odpowiedzi
Miasto Województwo % Poprawnych
Gdańsk Pomorskie
99%
Szczecin Zachodniopomorskie
88%
Poznań Wielkopolskie
85%
Zielona góra Lubuskie
84%
Kraków Małopolskie
84%
Warszawa Mazowieckie
83%
Gdynia Pomorskie
80%
Kielce Świętokrzyskie
80%
Wrocław Dolnośląskie
77%
Toruń Kujawsko-pomorskie
77%
Łódź Łódzkie
77%
Olsztyn Warmińsko-mazurskie
77%
Rzeszów Podkarpackie
76%
Rybnik Śląskie
76%
Ruda Śląska Śląskie
76%
Białystok Podlaskie
75%
Gorzów Wielkopolski Lubuskie
74%
Lublin Lubelskie
73%
Radom Mazowieckie
71%
Opole Opolskie
71%
Bydgoszcz Kujawsko-pomorskie
70%
Wałbrzych Dolnośląskie
69%
Sosnowiec Śląskie
69%
Katowice Śląskie
69%
Suwałki Podlaskie
64%
Elbląg Warmińsko-mazurskie
63%
Zabrze Śląskie
61%
Chorzów Śląskie
61%
Częstochowa Śląskie
61%
Gliwice Śląskie
61%
Bielsko-Biała Śląskie
56%
Tychy Śląskie
56%
Płock Mazowieckie
55%
Koszalin Zachodniopomorskie
55%
Tarnów Małopolskie
54%
Nie znaleziono quizów pasujących do podanych kryteriów
Rozkład punktacji
Procent ludzi z każdym wynikiem
Percentyl według liczby udzielonych odpowiedzi
Twoja historia wyników
Nie rozwiązałeś tego quizu